000 00734nam0a22002531 4500
001 rc\3021774
005 20250810060706.0
035 _a(NLR Aleph) 007163661
090 _a7274691
_c7274691
100 _a20110927d1941 u y0rusy50 ca
101 0 _arus
102 _aRU
105 _ay z |||||
200 1 _aСовременные палачи культуры
_fС. Машинский
210 _aУфа
_cБашгосиздат
_d1941
215 _a24 с.
_d14 см
700 1 _aМашинский
_bС.
801 0 _aRU
_bNLR
_gpsbo
801 1 _aRU
_bELAR
_2rusmarc
852 _aNLR
_jИр62 Г-2/72
942 _cBOOK
945 _aРоссийская национальная библиотека
980 _aNB
980 _aBV